000 00919cab a2200265 4500
001 WB2935-19
008 090401t1993 xxu||||| |||| 00| 0 eng d
035 _a(Sirsi) u31201
041 _aeng
245 _aConsent to assignment
260 _c1993
350 _a0
490 _aEstates Gazette
_v(9337) 18 September 1993, 150(1)
520 _aDiscusses the test of reasonableness under Landlord and Tenant Act 1988, when consent to assign the lease is refused, and whether evidence after the date of the landlord`s refusal can be used if the case goes to court.
650 _aAIR INDIA V BELABEL
650 _aASSIGNMENT
650 _aBROMLEY PARK GARDENS ESTATES LTD V MOSS
650 _aCIN PROPERTIES LTD V GILL
650 _aCONSENT
650 _aLANDLORD AND TENANT ACT 1988
650 _aRELEVANT DATE
690 _aLANDLORD AND TENANT-BUSINESS TENANCIES
942 _n0
948 _c04/03/1997
999 _c20958
_d20958